[Event "Titled Tuesday intern op 14th May Late"]
[Site "Chess.com INT"]
[Date "2024.05.14"]
[Round "3"]
[White "Sala, Giulia"]
[Black "Uzcategui Rodriguez, Alejandro"]
[Result "0-1"]
[WhiteElo "2037"]
[BlackElo "2295"]
[PlyCount "56"]
[EventDate "2024.05.14"]
[EventType "swiss (blitz)"]
[EventRounds "11"]
[EventCountry "USA"]
[SourceTitle "CB21_2024"]
[SourceDate "2024.05.22"]
[SourceVersion "1"]
[SourceVersionDate "2024.05.22"]
[SourceQuality "1"]

1. e4 e6 2. e5 d5 3. exd6 cxd6 4. d4 d5 5. Nf3 Nf6 6. Bd3 Nc6 7. c3 Bd6 8. 0-0 0-0 9. Re1 a6 10. Ne5 Bxe5 11. dxe5 Nd7 12. Bf4 b5 13. Re3 f5 14. exf6 Qxf6 15. Qh5 g6 16. Qg4 Qxf4 17. Qxe6+ Qf7 18. Nd2 Qxe6 19. Rxe6 Nce5 20. Be2 Nc4 21. Nxc4 dxc4 22. Bf3 Rb8 23. Bd5 Kh8 24. Bc6 Nc5 25. Re7 Nd3 26. a4 b4 27. cxb4 Rxb4 28. Rc1 Nxc1 0-1

[Event "Titled Tuesday intern op 12th Mar Late"]
[Site "Chess.com INT"]
[Date "2024.03.12"]
[Round "1"]
[White "Djokic, Mihailo"]
[Black "Sala, Giulia"]
[Result "0-1"]
[WhiteElo "2139"]
[BlackElo "2040"]
[PlyCount "130"]
[EventDate "2024.03.12"]
[EventType "swiss (blitz)"]
[EventRounds "11"]
[EventCountry "USA"]
[SourceTitle "CB12_2024"]
[SourceDate "2023.10.01"]
[SourceVersion "1"]
[SourceVersionDate "2023.10.01"]
[SourceQuality "1"]

1. e4 g6 2. d4 Bg7 3. Nc3 e6 4. Nf3 Ne7 5. Be3 0-0 6. Qd2 d5 7. Bh6 dxe4 8. Nxe4 b6 9. c3 Bb7 10. Bd3 Bxh6 11. Qxh6 Nf5 12. Qf4 c5 13. g4 cxd4 14. gxf5 exf5 15. Qh6 Qe7 16. Nfg5 f6 17. Bc4+ Kh8 18. 0-0-0 fxg5 19. Nxg5 Bxh1 20. Nxh7 Qg7 21. Qxg7+ Kxg7 22. Nxf8 Kxf8 23. Rxh1 Nd7 24. Rd1 Ne5 25. Rxd4 Rc8 26. Be6 Re8 27. Bd5 Ng4 28. Ra4 Re7 29. f3 Nxh2 30. Rh4 Nf1 31. b3 Ne3 32. Ba8 Re8 33. Bc6 Rc8 34. Bb5 Kg7 35. Kd2 Nd5 36. Bc4 Nf6 37. Rd4 Re8 38. Be2 Re7 39. c4 g5 40. b4 Kg6 41. a4 Kh5 42. a5 g4 43. axb6 axb6 44. fxg4+ fxg4 45. Rd6 Ne4+ 46. Kd3 Nxd6 47. c5 bxc5 48. bxc5 Nb7 49. c6 Nc5+ 50. Kc4 Ne4 51. Bd3 Nd6+ 52. Kd5 Nc8 53. Bf5 Rc7 54. Bd3 g3 55. Bf1 Ne7+ 56. Kd6 Rxc6+ 57. Kxe7 Rc1 58. Be2+ Kh4 59. Kf6 Kh3 60. Bf3 g2 61. Kg5 g1Q+ 62. Kh5 Rc5+ 63. Kh6 Qg5+ 64. Kh7 Rc7+ 65. Kh8 Qd8# 0-1

[Event "Titled Tuesday intern op 12th Mar Late"]
[Site "Chess.com INT"]
[Date "2024.03.12"]
[Round "3"]
[White "Sala, Giulia"]
[Black "Lehtosaari, Mauri"]
[Result "0-1"]
[WhiteElo "2040"]
[BlackElo "2141"]
[PlyCount "88"]
[EventDate "2024.03.12"]
[EventType "swiss (blitz)"]
[EventRounds "11"]
[EventCountry "USA"]
[SourceTitle "CB12_2024"]
[SourceDate "2023.10.01"]
[SourceVersion "1"]
[SourceVersionDate "2023.10.01"]
[SourceQuality "1"]

1. g3 d5 2. Bg2 Nf6 3. Nf3 Bf5 4. 0-0 e6 5. d3 Bc5 6. c3 0-0 7. Nbd2 c6 8. Nb3 Bb6 9. Nh4 Bg4 10. h3 Bh5 11. Nf3 Nbd7 12. g4 Bg6 13. Nh4 a5 14. Nxg6 hxg6 15. Bg5 Qc7 16. e4 dxe4 17. dxe4 Qe5 18. Qc1 Qc7 19. Kh1 e5 20. Nd2 Nc5 21. Nc4 Ne6 22. Nxb6 Qxb6 23. Be3 Qc7 24. g5 Nh5 25. Bf3 Nhf4 26. Bg4 Nxg5 27. Bxf4 exf4 28. Qe1 Qe5 29. f3 Rfd8 30. Rd1 Nh7 31. h4 Nf6 32. Bh3 Nh5 33. Kh2 Ng3 34. Rf2 Qe7 35. Rfd2 Rxd2+ 36. Qxd2 Qxh4 37. Qd7 Nh5 38. Rg1 Qf2+ 39. Rg2 Qxf3 40. Qxb7 Rd8 41. Qxc6 Ng3 42. Qc7 Rd1 43. Qc8+ Kh7 44. Rxg3 Qxg3# 0-1

[Event "Mitropa Cup (Women)"]
[Site "Apolda"]
[Date "2024.02.18"]
[Round "4.8"]
[White "Sala, Giulia"]
[Black "Karacsonyi, Kata"]
[Result "1-0"]
[WhiteElo "2003"]
[BlackElo "2158"]
[PlyCount "71"]
[EventDate "2024.02.15"]
[EventType "team-tourn"]
[EventRounds "9"]
[EventCountry "GER"]
[SourceTitle "CB09_2024"]
[SourceDate "2024.02.28"]
[SourceVersion "1"]
[SourceVersionDate "2024.02.28"]
[SourceQuality "1"]
[WhiteTeam "Italy (W)"]
[BlackTeam "Hungary (W)"]
[WhiteTeamCountry "ITA"]
[BlackTeamCountry "HUN"]

1. e4 c5 2. Nf3 d6 3. d4 cxd4 4. Nxd4 Nf6 5. Nc3 a6 6. f4 e5 7. Nf3 Nbd7 8. a4 Be7 9. Bd3 0-0 10. 0-0 exf4 11. Kh1 Nc5 12. Bxf4 Bg4 13. Qe1 Nxd3 14. cxd3 Re8 15. Qg3 Qd7 16. Bg5 h6 17. Bxf6 Bxf6 18. Nd5 Bd8 19. h3 Be6 20. Nd4 Bxd5 21. Nf5 Bg5 22. h4 Bf6 23. exd5 Kh7 24. d4 Rad8 25. Rf2 Re2 26. Rf4 Rde8 27. Raf1 R8e7 28. Nxe7 Qxe7 29. Qd3+ Kg8 30. Rc1 Re1+ 31. Rxe1 Qxe1+ 32. Qf1 Qe3 33. Qf3 Qc1+ 34. Kh2 Qxb2 35. Re4 Bxd4 36. Re8+ 1-0

[Event "Titled Tuesday intern op 06th Feb Late"]
[Site "Chess.com INT"]
[Date "2024.02.06"]
[Round "3"]
[White "Guzman Lozano, Campo Elias"]
[Black "Sala, Giulia"]
[Result "1-0"]
[WhiteElo "1837"]
[BlackElo "2003"]
[PlyCount "53"]
[EventDate "2024.02.06"]
[EventType "swiss (blitz)"]
[EventRounds "11"]
[EventCountry "USA"]
[SourceTitle "CB07_2024"]
[SourceDate "2024.02.14"]
[SourceVersion "1"]
[SourceVersionDate "2024.02.14"]
[SourceQuality "1"]

1. Nf3 b6 2. e4 Bb7 3. Nc3 d6 4. d4 g6 5. Bb5+ Nd7 6. Be3 a6 7. Bxd7+ Qxd7 8. 0-0 Bg7 9. Qd2 e6 10. Rfe1 Ne7 11. Bh6 0-0 12. Bxg7 Kxg7 13. Qg5 h6 14. Qg3 c5 15. Rad1 Qc6 16. dxc5 dxc5 17. Rd6 Qc7 18. Red1 Nc6 19. h4 Kh7 20. h5 g5 21. e5 Rfd8 22. Ne4 Ne7 23. Nf6+ Kh8 24. Nxg5 Nf5 25. Nxf7+ Qxf7 26. Rxd8+ Qf8 27. Qg6 1-0

[Event "ITA-ch (Women) 82nd"]
[Site "Brescia"]
[Date "2023.12.09"]
[Round "7"]
[White "Sala, Giulia"]
[Black "Rubinshtein, Kamilla"]
[Result "1/2-1/2"]
[WhiteElo "2110"]
[BlackElo "1969"]
[PlyCount "55"]
[EventDate "2023.12.03"]
[EventType "tourn"]
[EventRounds "7"]
[EventCountry "ITA"]
[SourceTitle "CB50_2023"]
[SourceDate "2023.12.13"]
[SourceVersion "1"]
[SourceVersionDate "2023.12.13"]
[SourceQuality "1"]

1. e4 e6 2. d4 d5 3. Bd3 dxe4 4. Bxe4 Nf6 5. Bf3 c5 6. Ne2 Nc6 7. Be3 cxd4 8. Nxd4 Ne5 9. Nc3 Be7 10. Qe2 Nxf3+ 11. Qxf3 0-0 12. 0-0-0 Bd7 13. g4 Qa5 14. g5 Nd5 15. Nf5 Nxc3 16. Nxe7+ Kh8 17. Bd2 Nxa2+ 18. Kb1 Qd8 19. Bf4 Qxe7 20. Bd6 Qe8 21. Rhe1 Rg8 22. Rd4 Qd8 23. Re5 Qb6 24. Bc5 Bc6 25. Qh3 Bg2 26. Qxg2 Nc3+ 27. Kc1 Na2+ 28. Kb1 1/2-1/2

[Event "ITA-ch (Women) 82nd"]
[Site "Brescia"]
[Date "2023.12.08"]
[Round "6"]
[White "Sedina, Elena"]
[Black "Sala, Giulia"]
[Result "1/2-1/2"]
[WhiteElo "2160"]
[BlackElo "2110"]
[PlyCount "90"]
[EventDate "2023.12.03"]
[EventType "tourn"]
[EventRounds "7"]
[EventCountry "ITA"]
[SourceTitle "CB50_2023"]
[SourceDate "2023.12.13"]
[SourceVersion "1"]
[SourceVersionDate "2023.12.13"]
[SourceQuality "1"]

1. e4 c5 2. Nf3 Nf6 3. e5 Nd5 4. Nc3 e6 5. Nxd5 exd5 6. d4 Nc6 7. c3 d6 8. Bb5 Be7 9. exd6 Bxd6 10. Qe2+ Be6 11. dxc5 Bxc5 12. Be3 Bd6 13. 0-0 0-0 14. h3 h6 15. Rfd1 a6 16. Bd3 Re8 17. Bc2 Qf6 18. Qd3 Rad8 19. Bb6 Rd7 20. Re1 g6 21. Qd2 Kg7 22. Be3 Rh8 23. Nd4 Ne7 24. Nb5 Nc6 25. Nd4 Ne7 26. Nb5 Nc6 27. Nxd6 Rxd6 28. Rad1 Bf5 29. Bb3 Qh4 30. Bb6 Kh7 31. Bc7 Rd7 32. Bg3 Qf6 33. Qe3 Rhd8 34. Qb6 Qg5 35. Ba4 Rc8 36. Qe3 Qd8 37. Qe2 d4 38. Bxc6 Rxc6 39. cxd4 Rxd4 40. Rxd4 Qxd4 41. Qe8 Qd7 42. Qf8 Rc8 43. Qe7 Rc1 44. Kh2 Rxe1 45. Qxe1 f6 1/2-1/2

[Event "ITA-ch (Women) 82nd"]
[Site "Brescia"]
[Date "2023.12.04"]
[Round "2"]
[White "Sala, Giulia"]
[Black "Brunello, Marina"]
[Result "0-1"]
[WhiteElo "2110"]
[BlackElo "2340"]
[PlyCount "80"]
[EventDate "2023.12.03"]
[EventType "tourn"]
[EventRounds "7"]
[EventCountry "ITA"]
[SourceTitle "CB50_2023"]
[SourceDate "2023.12.13"]
[SourceVersion "1"]
[SourceVersionDate "2023.12.13"]
[SourceQuality "1"]

1. e4 c5 2. Nf3 d6 3. d4 cxd4 4. Nxd4 Nf6 5. Nc3 a6 6. Rg1 h5 7. h3 g6 8. Be3 Bg7 9. f4 Nc6 10. Qf3 Bd7 11. 0-0-0 Qc8 12. Be2 h4 13. Rge1 Qc7 14. Kb1 Rc8 15. Qf2 Na5 16. Ndb5 axb5 17. Bb6 Nxe4 18. Bxc7 Nxf2 19. Bxa5 Nxd1 20. Rxd1 Bxc3 21. Bxc3 f6 22. Bb4 Kf7 23. Rd2 Bc6 24. Bg4 f5 25. Bd1 Be4 26. Kc1 Rhg8 27. Bc3 g5 28. Rf2 gxf4 29. Rxf4 e5 30. Rxh4 Bxg2 31. Rh6 Ke7 32. Bb4 Rcd8 33. h4 Be4 34. Rh7+ Kf6 35. Be2 f4 36. Rh6+ Rg6 37. Rxg6+ Kxg6 38. Bxb5 Kh5 39. Be1 Rc8 40. c3 Rg8 0-1

[Event "Wch U20 Girls Blitz"]
[Site "Pula"]
[Date "2023.10.14"]
[Round "1"]
[White "Katter, Katharina"]
[Black "Sala, Giulia"]
[Result "1-0"]
[WhiteElo "1905"]
[BlackElo "2045"]
[PlyCount "77"]
[EventDate "2023.10.14"]
[EventType "swiss (blitz)"]
[EventRounds "11"]
[EventCountry "ITA"]
[SourceTitle "Mega2024 Update 01"]
[Source "Chessbase"]
[SourceDate "2023.11.12"]
[SourceVersion "1"]
[SourceVersionDate "2023.11.12"]
[SourceQuality "1"]

1. d4 Nf6 2. Nf3 g6 3. c4 Bg7 4. Nc3 d5 5. cxd5 Nxd5 6. g3 0-0 7. Bg2 c5 8. Nxd5 Qxd5 9. Be3 cxd4 10. Bxd4 Qa5+ 11. Qd2 Qxd2+ 12. Kxd2 Rd8 13. Kc3 Nc6 14. Bxg7 Kxg7 15. Rad1 Bf5 16. b3 e5 17. Nh4 Be6 18. Bxc6 bxc6 19. Nf3 Bd5 20. Rhe1 f6 21. Nd2 a5 22. Nc4 Bxc4 23. Kxc4 Rxd1 24. Rxd1 a4 25. b4 Kh6 26. Rd6 f5 27. Rxc6 Kg5 28. h3 h5 29. b5 h4 30. gxh4+ Kxh4 31. Rxg6 Kxh3 32. b6 Rb8 33. Kb5 f4 34. Ka6 e4 35. Ka7 Rf8 36. b7 e3 37. f3 Rf7 38. Ka8 Re7 39. b8Q 1-0

[Event "Wch U20 Girls Rapid"]
[Site "Pula"]
[Date "2023.10.12"]
[Round "8"]
[White "Sala, Giulia"]
[Black "Bordin, Silvia"]
[Result "1/2-1/2"]
[WhiteElo "2045"]
[BlackElo "1942"]
[PlyCount "120"]
[EventDate "2023.10.10"]
[EventType "swiss (rapid)"]
[EventRounds "11"]
[EventCountry "ITA"]
[SourceTitle "Mega2024 Update 01"]
[Source "Chessbase"]
[SourceDate "2023.11.12"]
[SourceVersion "1"]
[SourceVersionDate "2023.11.12"]
[SourceQuality "1"]

1. e4 e5 2. Nf3 Nc6 3. d4 exd4 4. Nxd4 Nf6 5. Nc3 Bb4 6. Nxc6 bxc6 7. Bd3 d5 8. Bd2 Bxc3 9. Bxc3 dxe4 10. Bxf6 Qxf6 11. Bxe4 0-0 12. 0-0 Rb8 13. Qh5 g6 14. Qc5 Rb6 15. b3 Qd6 16. Qc3 Rd8 17. Bf3 Qd2 18. Qe5 Qd6 19. Qa5 Ra6 20. Qc3 Qd2 21. Qc4 Qa5 22. Rfe1 c5 23. Bd5 Rf6 24. Re7 Rf8 25. Rae1 Ba6 26. Qe4 Qd2 27. f3 Rf4 28. Qe3 Qxe3+ 29. R1xe3 Rd4 30. c4 Rd2 31. Re2 Rxd5 32. cxd5 Bxe2 33. Rxe2 Rd8 34. Rd2 Kf8 35. Kf2 Ke7 36. Ke3 Kd6 37. Kf4 Re8 38. Kg5 Re5+ 39. Kf6 Rxd5 40. Rxd5+ Kxd5 41. Kxf7 c4 42. bxc4+ Kxc4 43. Ke6 Kd4 44. f4 c5 45. g4 c4 46. f5 gxf5 47. gxf5 c3 48. f6 c2 49. f7 c1Q 50. f8Q Qc4+ 51. Ke7 Qc7+ 52. Ke8 Qxh2 53. Qb4+ Kd5 54. Qb7+ Ke6 55. Qd7+ Kf6 56. Qf7+ Kg5 57. Qg7+ Kf5 58. Qd7+ Ke4 59. Qc6+ Kf5 60. Qd7+ Ke4 1/2-1/2

[Event "Wch U20 Girls Rapid"]
[Site "Pula"]
[Date "2023.10.11"]
[Round "5"]
[White "Sultanbek, Zeinep"]
[Black "Sala, Giulia"]
[Result "1-0"]
[WhiteElo "1969"]
[BlackElo "2045"]
[PlyCount "63"]
[EventDate "2023.10.10"]
[EventType "swiss (rapid)"]
[EventRounds "11"]
[EventCountry "ITA"]
[SourceTitle "Mega2024 Update 01"]
[Source "Chessbase"]
[SourceDate "2023.11.12"]
[SourceVersion "1"]
[SourceVersionDate "2023.11.12"]
[SourceQuality "1"]

1. Nf3 g6 2. g3 Bg7 3. Bg2 c5 4. d4 cxd4 5. Nxd4 Nc6 6. Nb3 Nf6 7. 0-0 d5 8. Nc3 e6 9. e4 dxe4 10. Qxd8+ Nxd8 11. Nxe4 Nxe4 12. Bxe4 0-0 13. c3 Bd7 14. Na5 Rb8 15. Rd1 Ba4 16. Re1 b6 17. Nc4 b5 18. Bf4 Rc8 19. Nd6 Rc5 20. b3 Bxc3 21. bxa4 Bxa1 22. Rxa1 bxa4 23. Bh6 f5 24. Bxf8 fxe4 25. Bh6 Nc6 26. Nxe4 Re5 27. Ng5 Nd4 28. Rb1 Nb5 29. Rc1 Nd6 30. Rc7 Rd5 31. Rg7+ Kh8 32. Rxh7+ 1-0

[Event "Wch U20 Girls Rapid"]
[Site "Pula"]
[Date "2023.10.10"]
[Round "2"]
[White "Sala, Giulia"]
[Black "Kairbekova, Amina"]
[Result "1-0"]
[WhiteElo "2045"]
[BlackElo "2198"]
[PlyCount "135"]
[EventDate "2023.10.10"]
[EventType "swiss (rapid)"]
[EventRounds "11"]
[EventCountry "ITA"]
[SourceTitle "Mega2024 Update 01"]
[Source "Chessbase"]
[SourceDate "2023.11.12"]
[SourceVersion "1"]
[SourceVersionDate "2023.11.12"]
[SourceQuality "1"]

1. e4 c5 2. Nf3 e6 3. d4 cxd4 4. Nxd4 Nf6 5. Nc3 Nc6 6. Nb3 a5 7. a4 Bb4 8. Bd3 d5 9. exd5 Nxd5 10. Bd2 Bxc3 11. bxc3 Qf6 12. 0-0 Nxc3 13. Qh5 h6 14. Qc5 Nd5 15. Bb5 Bd7 16. c4 b6 17. Qd6 Qe7 18. Qxc6 Bxc6 19. Bxc6+ Kf8 20. Bxa8 Nc7 21. Bf3 e5 22. Bc3 e4 23. Bg4 Qg5 24. Bh3 h5 25. Rad1 e3 26. f4 Qe7 27. Rd7 e2 28. Rxe7 exf1Q+ 29. Kxf1 Kxe7 30. Bxg7 Rd8 31. Nd4 Kd6 32. Be5+ Kc5 33. Nb3+ Kxc4 34. Bxc7 Rd3 35. Bxb6 Kxb3 36. Bxa5 Rd4 37. Bc7 Kxa4 38. Kf2 Rc4 39. Be5 f6 40. Bd6 Rd4 41. Bb8 Rb4 42. Bd7+ Kb3 43. Be6+ Kc2 44. Bc7 Rb7 45. Bd8 Kd2 46. Bxf6 Rb4 47. Be5 Re4 48. Bd5 Re3 49. Bf3 h4 50. Bf6 h3 51. gxh3 Re6 52. Be5 Kd3 53. h4 Rb6 54. h5 Re6 55. h3 Kc4 56. Bg4 Rb6 57. Bf3 Re6 58. Kg3 Kd3 59. Kg4 Ke3 60. Bd5 Rb6 61. Kg5 Rb1 62. h6 Rg1+ 63. Kh4 Rg6 64. Kh5 Rg3 65. h4 Kf2 66. h7 Kg1 67. h8Q Kh2 68. f5 1-0

[Event "EU-ch U16 Girls 31st"]
[Site "Mamaia"]
[Date "2023.09.12"]
[Round "7"]
[White "Zhou, Lepu Coco"]
[Black "Sala, Giulia"]
[Result "1-0"]
[WhiteElo "1996"]
[BlackElo "2110"]
[PlyCount "39"]
[EventDate "2023.09.05"]
[EventType "swiss"]
[EventRounds "9"]
[EventCountry "ROU"]
[SourceTitle "EXT 2024"]
[Source "ChessBase"]
[SourceDate "2023.10.10"]
[SourceVersion "1"]
[SourceVersionDate "2023.10.10"]
[SourceQuality "1"]

1. e4 c5 2. Nf3 g6 3. d4 cxd4 4. Qxd4 Nf6 5. e5 Nc6 6. Qa4 Nd5 7. Qe4 Nb6 8. Nc3 Bg7 9. Bf4 d5 10. exd6 Bxc3+ 11. bxc3 Bf5 12. Qe2 Nd5 13. dxe7 Qb6 14. Be5 f6 15. Qd2 Qb2 16. Rd1 fxe5 17. Qxd5 Qxc3+ 18. Rd2 a6 19. Bc4 Nd4 20. Qf7+ 1-0

[Event "EU-ch U16 Girls 31st"]
[Site "Mamaia"]
[Date "2023.09.08"]
[Round "4"]
[White "Sala, Giulia"]
[Black "Berezovsky, Fiorina"]
[Result "1-0"]
[WhiteElo "2110"]
[BlackElo "1813"]
[PlyCount "111"]
[EventDate "2023.09.05"]
[EventType "swiss"]
[EventRounds "9"]
[EventCountry "ROU"]
[SourceTitle "EXT 2024"]
[Source "ChessBase"]
[SourceDate "2023.10.10"]
[SourceVersion "1"]
[SourceVersionDate "2023.10.10"]
[SourceQuality "1"]

1. e4 e6 2. d4 d5 3. Nc3 Nf6 4. e5 Nfd7 5. f4 c5 6. Nf3 Nc6 7. Ne2 cxd4 8. Nexd4 Nxd4 9. Nxd4 Bc5 10. c3 0-0 11. Be3 Qe7 12. Bd3 f5 13. Qe2 a6 14. Nb3 Bxe3 15. Qxe3 b6 16. 0-0 Bb7 17. Nd4 Nc5 18. Kh1 Nxd3 19. Qxd3 Rac8 20. Rg1 h5 21. Qf3 Qf7 22. Raf1 b5 23. a3 Qg6 24. Rf2 Rfe8 25. Qd3 Rc4 26. h3 Qh6 27. g3 Re7 28. Kg2 Rcc7 29. Kf1 Kf8 30. g4 g6 31. gxf5 gxf5 32. Rg5 Rg7 33. Rfg2 h4 34. Qf3 Rxg5 35. Rxg5 Rg7 36. Qh5 Qxh5 37. Rxh5 Bc8 38. Rxh4 Kf7 39. Kf2 Rg8 40. Rh5 Rg7 41. Rg5 Rh7 42. Kg3 Rh6 43. h4 Rh7 44. h5 Rh6 45. Kh4 Bd7 46. Nb3 Be8 47. Nc5 a5 48. Nb7 a4 49. Nd6+ Kf8 50. Nxe8 Kxe8 51. Rg8+ Kf7 52. Rb8 Kg7 53. Kg5 Rh7 54. Rb7+ Kg8 55. Rxh7 Kxh7 56. Kf6 1-0

[Event "Titled Tuesday intern op 22nd Aug Late"]
[Site "Chess.com INT"]
[Date "2023.08.22"]
[Round "8"]
[White "Bilan, Danila"]
[Black "Sala, Giulia"]
[Result "0-1"]
[WhiteElo "2303"]
[BlackElo "2011"]
[PlyCount "116"]
[EventDate "2023.08.22"]
[EventType "swiss (blitz)"]
[EventRounds "11"]
[EventCountry "USA"]
[SourceTitle "EXT 2024"]
[Source "ChessBase"]
[SourceDate "2023.10.10"]
[SourceVersion "1"]
[SourceVersionDate "2023.10.10"]
[SourceQuality "1"]

1. d4 Nf6 2. Nf3 g6 3. Bg5 Bg7 4. c3 0-0 5. Nbd2 d6 6. e4 Nbd7 7. Bc4 e5 8. 0-0 Qe7 9. Qc2 b6 10. Bd5 Rb8 11. Bc6 Bb7 12. Qa4 h6 13. Bh4 g5 14. Bg3 a5 15. Bxb7 Rxb7 16. Qc6 Ra7 17. Rfe1 a4 18. Nc4 Nh5 19. Ne3 Nb8 20. Qc4 Qe6 21. d5 Qd7 22. Nf5 Na6 23. b4 axb3 24. axb3 Rfa8 25. b4 Nb8 26. Rxa7 Rxa7 27. Nd2 b5 28. Qe2 Nf4 29. Qg4 Ra2 30. Nf1 f6 31. Bxf4 exf4 32. Qd1 Qe8 33. Nd2 Nd7 34. Nf3 Ne5 35. N3d4 Bf8 36. Ne6 f3 37. Ng3 h5 38. Qb3 Rd2 39. Nf1 Rd3 40. Re3 fxg2 41. Kxg2 h4 42. Rxd3 Nxd3 43. Qd1 Ne5 44. Ne3 Qg6 45. Qd4 g4 46. Nf5 h3+ 47. Kf1 Qh5 48. Qe3 g3 49. Qxg3+ Kf7 50. f3 Nxf3 51. Kf2 Ne5 52. Ke3 Qd1 53. Qf2 Qd3+ 54. Kf4 Ng6+ 55. Kg4 Ne5+ 56. Kh5 Qxe4 57. Nd8+ Ke8 58. Qh4 Qf3+ 0-1

[Event "Titled Tuesday intern op 22nd Aug Late"]
[Site "Chess.com INT"]
[Date "2023.08.22"]
[Round "2"]
[White "Filgueiras, Nathan Felipe"]
[Black "Sala, Giulia"]
[Result "0-1"]
[WhiteElo "2343"]
[BlackElo "2011"]
[PlyCount "42"]
[EventDate "2023.08.22"]
[EventType "swiss (blitz)"]
[EventRounds "11"]
[EventCountry "USA"]
[SourceTitle "EXT 2024"]
[Source "ChessBase"]
[SourceDate "2023.10.10"]
[SourceVersion "1"]
[SourceVersionDate "2023.10.10"]
[SourceQuality "1"]

1. e4 c5 2. Nf3 Nc6 3. d4 cxd4 4. Nxd4 g6 5. c4 Nf6 6. Nc3 d6 7. Be2 Nxd4 8. Qxd4 Bg7 9. Be3 0-0 10. Qd2 Be6 11. f3 Qa5 12. Rc1 Rfc8 13. b3 a6 14. Na4 Qxd2+ 15. Kxd2 Nd7 16. Nb6 Nxb6 17. Bxb6 Rc6 18. c5 Bh6+ 19. Kd3 Bxc1 20. Rxc1 dxc5 21. Rxc5 Rxb6 0-1

[Event "Titled Tuesday intern op 22nd Aug Late"]
[Site "Chess.com INT"]
[Date "2023.08.22"]
[Round "5"]
[White "Hakobyan, Aram"]
[Black "Sala, Giulia"]
[Result "1-0"]
[WhiteElo "2612"]
[BlackElo "2011"]
[PlyCount "83"]
[EventDate "2023.08.22"]
[EventType "swiss (blitz)"]
[EventRounds "11"]
[EventCountry "USA"]
[SourceTitle "EXT 2024"]
[Source "ChessBase"]
[SourceDate "2023.10.10"]
[SourceVersion "1"]
[SourceVersionDate "2023.10.10"]
[SourceQuality "1"]

1. d4 Nf6 2. c4 e6 3. Nc3 Bb4 4. e3 d5 5. a3 Bxc3+ 6. bxc3 0-0 7. cxd5 exd5 8. Bd3 c5 9. Ne2 Nc6 10. 0-0 cxd4 11. cxd4 Be6 12. f3 Re8 13. Bb2 a6 14. Ng3 Rc8 15. Qd2 Na5 16. Rae1 Nc4 17. Bxc4 Rxc4 18. e4 Qc7 19. Rf2 Rc8 20. e5 Ne8 21. f4 Rc2 22. Qe3 Rxf2 23. Qxf2 g6 24. f5 gxf5 25. Nxf5 Bxf5 26. Qxf5 Ng7 27. Qg4 Re8 28. Bc1 Re6 29. Bf4 Rg6 30. Qf3 Ne6 31. Be3 Qc3 32. Rf1 Qc7 33. Qxd5 h5 34. Qf3 h4 35. d5 Ng7 36. e6 fxe6 37. dxe6 Nxe6 38. Bd4 Qe7 39. Qh5 Qh7 40. Qe5 h3 41. Qb8+ Nf8 42. Qxf8# 1-0

[Event "Titled Tuesday intern op 22nd Aug Late"]
[Site "Chess.com INT"]
[Date "2023.08.22"]
[Round "7"]
[White "Sala, Giulia"]
[Black "Estrada Nieto, Julian"]
[Result "0-1"]
[WhiteElo "2011"]
[BlackElo "2217"]
[PlyCount "108"]
[EventDate "2023.08.22"]
[EventType "swiss (blitz)"]
[EventRounds "11"]
[EventCountry "USA"]
[SourceTitle "EXT 2024"]
[Source "ChessBase"]
[SourceDate "2023.10.10"]
[SourceVersion "1"]
[SourceVersionDate "2023.10.10"]
[SourceQuality "1"]

1. e4 e5 2. Nf3 Nc6 3. Bb5 a6 4. Ba4 Nf6 5. 0-0 Be7 6. Re1 b5 7. Bb3 d6 8. c3 0-0 9. h3 Bb7 10. d4 Re8 11. c4 Na5 12. cxb5 Nxe4 13. bxa6 Rxa6 14. dxe5 Nxb3 15. Qxb3 Nc5 16. Qc2 Bxf3 17. gxf3 Qa8 18. Nd2 Rxa2 19. Rxa2 Qxa2 20. exd6 cxd6 21. Nc4 Qa8 22. Bf4 Ne6 23. Bxd6 Qxf3 24. Bxe7 Rxe7 25. Ne5 Qa8 26. Nxf7 Nf4 27. Nh6+ gxh6 28. Qc4+ Re6 29. f3 Qxf3 30. Qc8+ Kg7 31. Qd7+ Kf6 32. Rxe6+ Nxe6 33. Qxh7 Qg3+ 34. Kf1 Qxh3+ 35. Ke1 Qg3+ 36. Kd1 Qg4+ 37. Kd2 Qf4+ 38. Kd1 Qf3+ 39. Kd2 Qd5+ 40. Kc3 Qc5+ 41. Kd2 Qb4+ 42. Kc1 Qf4+ 43. Kd1 Qg5 44. Qh8+ Qg7 45. Qb8 Qg4+ 46. Kc1 Qf4+ 47. Qxf4+ Nxf4 48. b4 Nd5 49. Kc2 Ke5 50. Kb3 h5 51. b5 h4 52. Kc4 h3 53. Kc5 h2 54. Kc6 h1Q 0-1

[Event "Titled Tuesday intern op 22nd Aug Late"]
[Site "Chess.com INT"]
[Date "2023.08.22"]
[Round "11"]
[White "Sala, Giulia"]
[Black "Tologontegin, Semetey"]
[Result "1-0"]
[WhiteElo "2011"]
[BlackElo "2368"]
[PlyCount "81"]
[EventDate "2023.08.22"]
[EventType "swiss (blitz)"]
[EventRounds "11"]
[EventCountry "USA"]
[SourceTitle "EXT 2024"]
[Source "ChessBase"]
[SourceDate "2023.10.10"]
[SourceVersion "1"]
[SourceVersionDate "2023.10.10"]
[SourceQuality "1"]

1. e4 e5 2. Bc4 Nc6 3. Nc3 Nf6 4. d3 Na5 5. Bb3 Nxb3 6. axb3 Bc5 7. f4 d6 8. Nf3 Bg4 9. h3 Bxf3 10. Qxf3 h6 11. Na4 Bb6 12. Bd2 0-0 13. Nxb6 axb6 14. 0-0 Rxa1 15. Rxa1 exf4 16. Bxf4 Nd7 17. Rf1 Qf6 18. c3 Qe6 19. Qg3 f5 20. exf5 Rxf5 21. Re1 Qxb3 22. Bxh6 Qf7 23. Bd2 b5 24. d4 Nb6 25. Bg5 Nd5 26. h4 Kh7 27. Qg4 c6 28. Bc1 b4 29. c4 Nb6 30. b3 d5 31. c5 Nd7 32. Bg5 Nf8 33. Re7 Rf1+ 34. Kh2 Qg6 35. h5 Qb1 36. Bc1 Rh1+ 37. Kxh1 Qxc1+ 38. Kh2 Qh6 39. Qf5+ Kg8 40. Qf7+ Kh8 41. Qxf8+ 1-0

[Event "Lignano Bella Italia op 2nd"]
[Site "Lignano Sabbiadoro"]
[Date "2023.08.18"]
[Round "2"]
[White "Casadio, Niccolo"]
[Black "Sala, Giulia"]
[Result "1-0"]
[WhiteElo "2170"]
[BlackElo "2011"]
[PlyCount "83"]
[EventDate "2023.08.17"]
[EventType "swiss"]
[EventRounds "9"]
[EventCountry "ITA"]
[SourceTitle "EXT 2024"]
[Source "ChessBase"]
[SourceDate "2023.10.10"]
[SourceVersion "1"]
[SourceVersionDate "2023.10.10"]
[SourceQuality "1"]

1. e4 e5 2. Nf3 Nc6 3. Bb5 a6 4. Ba4 b5 5. Bb3 Na5 6. 0-0 d6 7. d4 exd4 8. Re1 Bb7 9. c3 dxc3 10. Nxc3 Be7 11. Nd5 Nxb3 12. axb3 Kf8 13. Bd2 Bf6 14. Ba5 Bxd5 15. exd5 Ne7 16. Rc1 Rc8 17. Nd4 g6 18. Bc3 Kg7 19. Qf3 Ng8 20. Re6 b4 21. Rxf6 Nxf6 22. Nc6 bxc3 23. Nxd8 cxb2 24. Rb1 Rhxd8 25. Rxb2 Re8 26. h3 Re5 27. Ra2 Rxd5 28. Rxa6 Rb8 29. Rc6 Rb7 30. Qc3 Rdb5 31. Rxc7 Rxb3 32. Qc6 Rxc7 33. Qxc7 Rb1+ 34. Kh2 d5 35. g4 h6 36. Qc3 Rb6 37. h4 Kh7 38. Qc7 Ra6 39. Qxf7+ Kh8 40. Qxg6 Rd6 41. Qxh6+ Kg8 42. Qf4 1-0